| 000 | 00342nam a2200109Ia 4500 | ||
|---|---|---|---|
| 008 | 180305s9999 xx 000 0 und d | ||
| 020 | _a9780415744508 | ||
| 100 | _aHolmes, Kirsten | ||
| 245 |
_cKirsten Holmes, Michael Hughes, Judith Mair, Jack Carlsen _aEvents and Sustainability/ |
||
| 260 |
_aUSA _bRoutledge _c2015 |
||
| 300 | _avii, 206 Pages | ||
| 999 |
_c356053 _d356053 |
||